000 01090nam a2200289 a 4500
001 BRCA_6392
005 20190320205433.0
008 310811s19uu----nyua######---#000-0#eng-#
041 _aeng
044 _anyu
050 4 _aN620
_b.C38 3 1900
245 1 0 _aCatalogue 27.
260 _aNueva York
_bWilliam H. Schab Gallery
_c[19--?]
300 _a130 p.
_bil.
_c29 cm.
500 _aIncluye índice alfabético
500 _aTítulo de cubierta: Monuments of Book Illustration early Printing and Manuscripts: from the XVth to the XVIIIth centuries world Literature in Original editions Geographical and Scientific Discoveries in first editions
500 _aCatálogo de subasta inventariado por Banco de México como libro
500 _aVer también CEF58, CEF59 y DD38
500 _aCEF78
650 1 4 _aLibros ilustrados
_vCatálogos
_915990
650 1 4 _aArte
_xColecciones particulares
_97906
650 1 4 _aGalerías y museos
_zEstados Unidos
_97437
650 1 4 _aSubastas
_97837
710 2 _aGalería William H. Schab (Nueva York)
_912965
902 _aGFM
942 _2lcc
_cB
999 _c6078
_d6078